[Event "Budapest Spring Festival 2019"]
[Site "Budapest"]
[Date "2019.04.15"]
[Round "7.22"]
[White "Swayams, Mishra"]
[Black "Kulkarni Bhakti"]
[Result "1/2-1/2"]
[WhiteElo "2478"]
[BlackElo "2350"]
[Annotator "TA"]
[PlyCount "55"]
[EventDate "2019.04.09"]
[EventType "swiss"]
[EventCountry "HUN"]
[SourceTitle "playchess.com"]
[Source "ChessBase"]
[SourceQuality "1"]

{[%evp 20,55,0,0,22,0,-6,0,-4,0,0,-15,-40,-70,-48,-43,-66,-50,0,0,18,18,18,19,16,17,15,15,10,10,11,10,11,13,20,-5,0,0]} 1. c4 Nf6 2. Nf3 e6 3. g3 d5 4. Bg2 Be7 5. O-O O-O 6. b3 d4 7. e3 c5 8. exd4 cxd4 9. Re1 Nc6 10. Bb2 Re8 11. d3 h6 {A14: English Opening: 1...e6 with b3 by White} 12. Na3 $146 ({Predecessor:} 12. Nbd2 Bc5 13. a3 a5 14. Ne5 Nxe5 15. Rxe5 Qc7 16. Qe1 Rb8 17. Nf3 Qb6 18. Rb1 Nd7 19. Re4 {1-0 (47) Grandelius,N (2646)-Lampert,J (2472) Reykjavik 2016}) 12... Bb4 13. Re2 e5 14. Nc2 Bc3 15. Bxc3 dxc3 16. d4 {[%cal Rf3e5]} Bg4 17. d5 e4 18. dxc6 Qxd1+ (18... exf3 {is more complex.} 19. Rxe8+ Qxe8 20. Bf1 Rd8 21. Qe1 Qxc6 22. Qxc3 Ne4) 19. Rxd1 {The position is equal.} exf3 20. Rxe8+ Rxe8 21. h3 $1 {[%cal Rh3g4]} fxg2 22. hxg4 {[#] And now c7 would win.} bxc6 $11 {[%mdl 4096] Endgame Hoping for ...Re2. KRN-KRN} 23. Ne3 Re4 24. Rc1 Nxg4 25. Nxg4 Rxg4 26. Rxc3 Rd4 27. Rc2 f6 28. Kxg2 {Accuracy: White = 79%, Black = 78%.} 1/2-1/2

[Event "Budapest Spring Festival 2019"]
[Site "Budapest"]
[Date "2019.04.15"]
[Round "7.23"]
[White "Rudolf, Michal"]
[Black "Livaic, Leon"]
[Result "0-1"]
[WhiteElo "2337"]
[BlackElo "2474"]
[Annotator "TA"]
[PlyCount "102"]
[EventDate "2019.04.09"]
[EventType "swiss"]
[EventCountry "HUN"]
[SourceTitle "playchess.com"]
[Source "ChessBase"]
[SourceQuality "1"]

{[%evp 9,101,9,10,16,27,18,30,18,16,12,21,15,24,22,22,22,29,12,34,0,0,0,3,8,24,3,8,0,21,38,43,13,13,13,9,0,4,-16,-14,-14,-14,-11,0,-3,0,0,0,-6,0,-15,0,0,16,5,37,28,35,21,21,15,15,12,30,8,9,8,8,8,8,8,8,9,8,0,0,0,0,0,0,0,0,-547,-536,-29974,-29975,-29992,-29993,-29993,-29994,-29994,-29995,-29998,-29999,-29999]} 1. e4 c5 2. Nf3 d6 3. Bb5+ Nd7 4. O-O a6 5. Bd3 (5. Bxd7+ Bxd7 6. d4 cxd4 7. Qxd4 e5 8. Qd3 h6 9. a4 Nf6 10. a5 Be7 11. c4 b5 12. axb6 Qxb6 13. Nc3 O-O 14. Be3 Qb7 15. h3 Rfc8 16. Nd2 Be6 17. Rfb1 a5 18. b3 Ra6 19. Ra2 Bd7 20. Rba1 {½-½ (20) Wang,H (2730)-Nepomniachtchi,I (2763) St Petersburg 2018}) 5... Ngf6 6. Re1 {B51: Sicilian: Moscow Variation (3 Bb5+) without 3...Bd7} g6 7. c3 Bg7 8. Bc2 {White has an edge.} O-O 9. d4 cxd4 10. cxd4 b5 11. a4 Bb7 12. Bd2 Qb6 $146 ({Predecessor:} 12... Qc7) 13. Na3 e5 14. dxe5 Nxe5 15. Nxe5 dxe5 16. Qe2 Bc6 17. Be3 Qb7 18. f3 Nd7 19. axb5 axb5 20. Bd3 {[%cal Ra3b5]} Rfb8 21. Nc2 Bf8 22. Rxa8 (22. h3 {is interesting.} Nc5 23. Rxa8 Rxa8 24. Nb4 Bd7 25. Nd5) 22... Rxa8 23. Ra1 Rxa1+ 24. Nxa1 Nc5 25. Bc2 Qa8 26. Nb3 Ne6 27. Qe1 b4 28. Qa1 Qd8 29. Qd1 Qh4 30. Qd2 Be8 31. Bd3 Qf6 32. Bc4 h5 33. Nc1 h4 34. Nd3 h3 $1 35. Nxb4 {Threatening Nd5.} hxg2 {Hoping for ...Bxb4.} 36. Nd5 Qxf3 37. Be2 Qh3 $1 38. Nf6+ {[%mdl 64] Double Attack} Kh8 $132 {[%mdl 2048] Black is fighting back} 39. Nxe8 Nf4 $1 40. Bd1 {Strongly threatening Nf6.} Bh6 $1 {aiming for ...Ne2+!} 41. Bf2 {And now Qd6 would win.} Qc8 (41... Nd3 $5 42. Bg4 $8 Nxf2 43. Bxh3 Nxh3+ 44. Kxg2 Bxd2 45. Kxh3 Kg8 $11) 42. Nd6 Qa6 {[%csl Gg2][%cal Ra6f1]} 43. Nxf7+ Kg7 {[%csl Gg2][%cal Ra6f1]} 44. Qe1 Kxf7 45. Be3 $2 {[%mdl 8192] [#]} (45. Bg3 $11) 45... Nd3 $1 $19 {[%csl LRb2,LRe1][%cal Rd3e1]} 46. Bb3+ Ke8 {Black mates.} 47. Qh4 Bxe3+ 48. Kxg2 Nf4+ 49. Kg3 {[#]} Bf2+ $1 {[%mdl 576] Skewer, Decoy} 50. Kxf2 Qe2+ {[%mdl 64] Double Attack} 51. Kg3 Qg2# {Accuracy: White = 54%, Black = 60%.} 0-1

[Event "Budapest Spring Festival 2019"]
[Site "Budapest"]
[Date "2019.04.15"]
[Round "7.24"]
[White "Ankit, R. Rajpara"]
[Black "Bayramov, Zaur"]
[Result "1/2-1/2"]
[WhiteElo "2462"]
[BlackElo "2301"]
[Annotator "ChessBase"]
[PlyCount "39"]
[EventDate "2019.04.09"]
[EventType "swiss"]
[EventCountry "HUN"]
[SourceTitle "playchess.com"]
[Source "ChessBase"]
[SourceQuality "1"]
[TimeControl "40/5400+30:1800+30"]

1. d4 {[%emt 0:01:40]} Nf6 {[%emt 0:00:12]} 2. c4 {[%emt 0:00:13]} c5 {[%emt 0:00:07]} 3. d5 {[%emt 0:00:06]} e6 {[%emt 0:00:14]} 4. Nc3 {[%emt 0:00:19]} exd5 {[%emt 0:00:18]} 5. cxd5 {[%emt 0:00:07]} d6 {[%emt 0:00:13]} 6. Nf3 {[%emt 0:00:13]} g6 {[%emt 0:01:11]} 7. Bf4 {[%emt 0:00:21]} a6 {[%emt 0:01:49]} 8. a4 {[%emt 0:00:27]} Bg7 {[%emt 0:01:28]} 9. h3 {[%emt 0:00:24]} O-O {[%emt 0:02:55]} 10. e3 {[%emt 0:00:49]} Nh5 {[%emt 0:07:42]} 11. Bh2 {[%emt 0:01:14]} f5 {[%emt 0:00:34]} 12. Bd3 {[%emt 0:08:43]} f4 {[%emt 0:05:08]} 13. O-O {[%emt 0:01:11]} Nd7 {[%emt 0:04:45]} 14. Qd2 {[%emt 0:07:35]} Ne5 {[%emt 0:30:09]} 15. Be2 {[%emt 0:03:37]} fxe3 {[%emt 0:02:05]} 16. fxe3 {[%emt 0:02:59]} Nxf3+ {[%emt 0:00:37]} 17. Bxf3 {[%emt 0:02:41]} Nf6 {[%emt 0:00:31]} 18. e4 {[%emt 0:06:59]} Re8 {[%emt 0:02:52]} 19. Rae1 {[%emt 0:15:25]} Nd7 {[%emt 0:01:28]} 20. Bxd6 {[%emt 0:08:26]} 1/2-1/2

[Event "Budapest Spring Festival 2019"]
[Site "Budapest"]
[Date "2019.04.15"]
[Round "7.25"]
[White "Erenberg, Ariel"]
[Black "Bashirli, Nail"]
[Result "1-0"]
[WhiteElo "2437"]
[BlackElo "2333"]
[Annotator "TA"]
[PlyCount "60"]
[EventDate "2019.04.09"]
[EventType "swiss"]
[EventCountry "HUN"]
[SourceTitle "playchess.com"]
[Source "ChessBase"]
[SourceQuality "1"]

{[%evp 10,60,24,24,37,32,31,33,34,25,34,14,115,25,36,16,25,7,9,17,20,21,88,85,82,0,126,133,135,152,447,426,441,434,427,432,432,436,435,443,414,430,454,462,452,451,457,460,514,477,583,603,616]} 1. d4 Nf6 2. c4 e6 3. Nf3 Bb4+ 4. Nbd2 b6 5. a3 Bxd2+ 6. Qxd2 Ba6 {E11: Bogo-Indian} 7. Qc2 d5 8. cxd5 Qxd5 {White is slightly better.} 9. g3 Qc6 $146 ({Predecessor:} 9... Nbd7 10. Bg2 Rc8 11. Bf4 c5 12. Qa4 Qc4 13. Qxc4 Bxc4 14. dxc5 Nxc5 {½-½ (23) Navara,D (2737)-Miton,K (2612) Czech Republic 2017}) 10. Qd1 Bc4 (10... Nbd7 $11 {keeps the balance.}) 11. Bg2 (11. Bf4 $16) 11... Bd5 12. Bf4 O-O 13. O-O Qb7 14. Rc1 $36 {[%mdl 2048] White is more active.} Nc6 15. Qd3 h6 (15... Be4 $11 16. Qc4 Bd5) 16. Rfe1 $16 Be4 {[#]} 17. Qe3 (17. Qd2 $1 $16) 17... Bd5 {[#]} (17... Ne7 $1 $11) 18. Bxh6 $1 {[%mdl 512]} Ng4 (18... gxh6 19. Qxh6) 19. Qc3 {Threatens to win with Bxg7!} Na5 $2 (19... Nf6 $16) 20. e4 Nxh6 21. exd5 exd5 22. Ne5 c6 23. b4 {[%cal Bb2b4,Bb4b5,Bb5c6][%mdl 32]} Nc4 24. Nxc4 dxc4 25. b5 Qc7 {White is clearly winning.} 26. Qxc4 Rad8 27. bxc6 Nf5 28. d5 Nd6 29. Qf4 b5 30. h4 a6 {Accuracy: White = 65%, Black = 32%.} 1-0

[Event "Budapest Spring Festival 2019"]
[Site "Budapest"]
[Date "2019.04.15"]
[Round "7.26"]
[White "Song, Julien"]
[Black "Kayonde, Andrew"]
[Result "1/2-1/2"]
[WhiteElo "2310"]
[BlackElo "2394"]
[Annotator "NA"]
[PlyCount "48"]
[EventDate "2019.04.09"]
[EventType "swiss"]
[EventCountry "HUN"]
[SourceTitle "playchess.com"]
[Source "ChessBase"]
[SourceQuality "1"]
[TimeControl "40/5400+30:1800+30"]

1. e4 {[%emt 0:03:45]} c6 {[%emt 0:00:11]} 2. d3 {[%emt 0:00:04]} d5 {[%emt 0:00:21]} 3. Qe2 {[%emt 0:00:06]} dxe4 {[%emt 0:12:58]} 4. dxe4 {[%emt 0:00:37]} e5 {[%emt 0:00:09]} 5. Nf3 {[%emt 0:01:16]} Nf6 {[%emt 0:01:01]} 6. Nbd2 {[%emt 0:03:40]} Bd6 {[%emt 0:01:33]} 7. Nc4 {[%emt 0:09:13]} Bc7 {[%emt 0:05:07]} 8. Bd2 {[%emt 0:28:19]} Qe7 {[%emt 0:00:54]} 9. Nh4 {[%emt 0:02:17]} Bg4 {[%emt 0:05:10]} 10. f3 {[%emt 0:03:45]} Be6 {[%emt 0:00:09]} 11. Nf5 {[%emt 0:01:51]} Bxf5 {[%emt 0:00:32]} 12. exf5 {[%emt 0:00:06]} Nbd7 {[%emt 0:00:43]} 13. O-O-O {[%emt 0:01:20]} Nd5 {[%emt 0:03:42]} 14. Kb1 {[%emt 0:01:54]} O-O-O {[%emt 0:09:15]} 15. g3 {[%emt 0:11:42]} Rhe8 {[%emt 0:02:53]} 16. Bg2 {[%emt 0:00:36]} Qc5 {[%emt 0:01:06]} 17. Rhe1 {[%emt 0:00:50]} N7b6 {[%emt 0:01:24]} 18. Nxb6+ {[%emt 0:10:55]} Nxb6 {[%emt 0:05:43]} 19. Be3 {[%emt 0:01:27]} Qb4 {[%emt 0:01:22]} 20. a3 {[%emt 0:00:53]} Qa4 {[%emt 0:00:15]} 21. Bxb6 {[%emt 0:02:20]} axb6 {[%emt 0:02:08]} 22. Qe4 {[%emt 0:01:36]} Qxe4 {[%emt 0:01:07]} 23. fxe4 {[%emt 0:00:18]} b5 {[%emt 0:00:10]} 24. Bf3 {[%emt 0:00:41]} Bb6 {[%emt 0:00:24]} 1/2-1/2

[Event "Budapest Spring Festival 2019"]
[Site "Budapest"]
[Date "2019.04.15"]
[Round "7.27"]
[White "Daggupati, Balaji"]
[Black "Nguyen, Van Thanh"]
[Result "1-0"]
[WhiteElo "2326"]
[BlackElo "2391"]
[Annotator "NA"]
[PlyCount "33"]
[EventDate "2019.04.09"]
[EventType "swiss"]
[EventCountry "HUN"]
[SourceTitle "playchess.com"]
[Source "ChessBase"]
[SourceQuality "1"]
[TimeControl "40/5400+30:1800+30"]

1. e4 {[%emt 0:00:04]} c5 {[%emt 0:00:11]} 2. Nf3 {[%emt 0:00:06]} d6 {[%emt 0:00:10]} 3. d4 {[%emt 0:00:06]} cxd4 {[%emt 0:00:09]} 4. Nxd4 {[%emt 0:00:06]} Nf6 {[%emt 0:00:11]} 5. Nc3 {[%emt 0:00:05]} a6 {[%emt 0:00:11]} 6. Qf3 {[%emt 0:00:06]} g6 {[%emt 0:01:30]} 7. h3 {[%emt 0:00:36]} Bg7 {[%emt 0:00:13]} 8. Be3 {[%emt 0:01:36]} O-O {[%emt 0:00:51]} 9. g4 {[%emt 0:00:51]} Nc6 {[%emt 0:02:14]} 10. O-O-O {[%emt 0:00:43]} Bd7 {[%emt 0:05:02]} 11. g5 {[%emt 0:06:33]} Nh5 {[%emt 0:00:15]} 12. Nd5 {[%emt 0:05:38]} Rc8 {[%emt 0:02:24]} 13. Nf5 {[%emt 0:16:11]} gxf5 {[%emt 0:08:23]} 14. Qxh5 {[%emt 0:01:24]} Qa5 {[%emt 0:14:37]} 15. Bc4 {[%emt 0:02:27]} Nb4 {[%emt 0:07:57]} 16. Nxe7+ {[%emt 0:02:40]} Kh8 {[%emt 0:00:09]} 17. g6 {[%emt 0:00:28]} 1-0

[Event "Budapest Spring Festival 2019"]
[Site "Budapest"]
[Date "2019.04.15"]
[Round "7.28"]
[White "Ashwath, R.."]
[Black "Turzo, Attila"]
[Result "0-1"]
[WhiteElo "2388"]
[BlackElo "2296"]
[Annotator "TA"]
[PlyCount "60"]
[EventDate "2019.04.09"]
[EventType "swiss"]
[EventCountry "HUN"]
[SourceTitle "playchess.com"]
[Source "ChessBase"]
[SourceQuality "1"]

{[%evp 9,60,2,50,46,56,54,61,54,52,52,54,60,55,45,64,62,58,30,29,26,47,27,25,22,27,0,0,-14,-10,-19,-24,-53,-45,-57,-39,-113,-110,-122,-119,-116,-113,-150,-145,-282,-272,-545,-551,-546,-536,-517,-451,-472,-437]} 1. d4 d5 2. c4 c6 3. Nf3 Nf6 4. Nbd2 Bf5 5. Nh4 (5. Qb3 Qb6 6. Nh4 Be4 7. e3 e6 8. Be2 Be7 9. Nxe4 dxe4 10. g3 c5 11. Bd2 cxd4 12. exd4 Nc6 13. Bc3 O-O-O {1-0 (49) Mamedyarov,S (2808)-So,W (2778) Leuven 2018}) 5... Bg6 6. Qb3 {D11: Slav Defence: 3 Nf3 sidelines and 3...Nf6 4 e3 Bg4} Qc8 7. Nxg6 hxg6 8. g3 {White is slightly better.} e6 9. Bg2 Be7 10. O-O O-O 11. Nf3 $146 ({Predecessor:} 11. Rd1 Nbd7 {1-0 (62) Perrichon,D (2090)-Duffau,P (2039) Issy les Moulineaux 2005}) 11... Qc7 12. Bf4 Qb6 13. Qc2 c5 14. dxc5 Bxc5 15. Ne5 Nc6 16. Nxc6 bxc6 17. Qb3 Bd4 18. Qxb6 axb6 19. cxd5 cxd5 20. Rfd1 Bxb2 21. Rab1 Bc3 ({Weaker is} 21... Rxa2 22. Rd2 $16) 22. Rdc1 (22. Rxb6 $15 Rxa2 23. Rc6) 22... Bd4 $17 23. e3 Bc5 24. Rc2 Ra3 25. Bc7 {[#]} Nd7 $1 26. Bf1 {[#]} (26. e4 $17 {was necessary.}) 26... Ra7 $1 $19 {[%cal Ra7c7]} 27. Rxc5 $2 (27. Bf4 {was worth a try.}) 27... bxc5 {Black is clearly winning.} 28. Bd6 Rc8 29. Bb5 c4 30. a4 Nc5 {Accuracy: White = 35%, Black = 80%.} 0-1

[Event "Budapest Spring Festival 2019"]
[Site "Budapest"]
[Date "2019.04.15"]
[Round "7.29"]
[White "Havanecz, Bianka"]
[Black "Bronstein, Or"]
[Result "0-1"]
[WhiteElo "2265"]
[BlackElo "2387"]
[Annotator "TA"]
[PlyCount "153"]
[EventDate "2019.04.09"]
[EventType "swiss"]
[EventCountry "HUN"]
[SourceTitle "playchess.com"]
[Source "ChessBase"]
[SourceQuality "1"]

{[%evp 11,153,0,30,25,31,3,29,0,20,0,0,2,-2,-48,-58,-67,-85,-94,-59,-129,-135,-99,-61,-53,-21,-17,-19,-51,-40,-49,-27,-55,-26,-44,-47,-82,-87,-94,-95,-147,-141,-149,-150,-172,-150,-284,-276,-291,-287,-288,-281,-268,-234,-333,-316,-260,-252,-259,-249,-268,-185,-185,-170,-170,-148,-203,-166,-185,-185,-185,-185,-185,-87,-108,-90,-87,-62,-62,-61,-89,-87,-87,-87,-87,-90,-87,-61,-152,-162,-305,-305,-305,-305,-305,-193,-305,-305,-305,-254,-305,-305,-305,-305,-305,-305,-305,-305,-305,-234,-193,-193,-305,-305,-1372,-1222,-1222,-1023,-902,-311,-353,-341,-305,-305,-305,-305,-305,-305,-305,-305,-305,-264,-263,-248,-248,-248,-1339,-1099,-29958,-29952,-29943,-5311,-29985,-29986,-29986]} 1. d4 Nf6 2. c4 e6 3. Nf3 d5 4. g3 dxc4 5. Bg2 a6 6. Ne5 c5 {LiveBook: 202 Games} 7. O-O {E04: Open Catalan: 5 Nf3} (7. Be3 Nd5 8. Nc3 Nxe3 9. fxe3 Nd7 10. Nxc4 Be7 11. dxc5 Bxc5 12. Nd6+ Bxd6 13. Qxd6 Qe7 14. Qd4 Nf6 15. O-O O-O {½-½ (64) Onischuk,A (2681)-Bruzon Batista,L (2673) Saint Louis 2018}) 7... cxd4 8. e3 d3 $146 {aiming for ...Qc7.} ({Predecessor:} 8... Bc5 9. Na3 Ra7 10. Naxc4 b5 11. Nd3 dxe3 12. Nxc5 exf2+ 13. Kh1 Qxd1 14. Rxd1 bxc4 {0-1 (33) Gorgola,G (2050)-Kurochkin,V (2346) Myrhorod 2010}) 9. Nxc4 {White has an edge.} (9. Nd2 {seems wilder.} c3 10. bxc3 Qc7 11. Nxd3 Be7 12. c4) 9... Nc6 10. Qb3 Bc5 11. Rd1 O-O 12. Rxd3 Qc7 13. Nc3 b5 14. Nd2 Bb7 15. Nde4 ({White should try} 15. Nce4 $15 Nxe4 16. Nxe4) 15... Ne5 $17 16. Rd1 Be7 17. Nxf6+ gxf6 18. e4 $1 Bc5 {[%cal Be7c5,Bc5d4,Bd4e5][%mdl 32]} 19. Rf1 Rfd8 $36 {[%mdl 2048] Black has the initiative.} 20. Bf4 Qb6 21. Qc2 Rac8 22. Qe2 Bd4 23. Nd1 b4 24. Ne3 a5 {Threatens to win with ...Ba6.} 25. Bxe5 (25. Ng4 $142 Nxg4 26. Qxg4+ Kf8 27. Qh4) 25... Bxe5 (25... fxe5 26. Rfd1 $15) 26. Qg4+ Kf8 $1 27. Rab1 Ba6 $1 {[%cal Ra6f1]} 28. Rfd1 (28. Rfe1 $17) 28... Bd3 $1 $19 29. Rbc1 Rxc1 30. Rxc1 Bxb2 31. Rd1 Ba6 32. Rxd8+ (32. Bf1 $142 Bxf1 33. Kxf1) 32... Qxd8 33. Qh5 Bd4 {...Bxe3 is the strong threat.} 34. Ng4 Be2 {White must now prevent ...Qc7.} 35. Bf1 Bxg4 36. Qxg4 Qb6 37. Qf3 Qc5 38. Bd3 (38. Kg2 $17 {might work better.}) 38... Qc3 {Hoping for ...Qa1+.} 39. Qe2 a4 40. Kg2 b3 41. axb3 Qxb3 (41... axb3 $19 {is more deadly. Strongly threatening ...Qc1.} 42. Qd1 b2) 42. Bc4 Qc3 43. f4 Qc1 44. f5 Ke7 45. Ba2 a3 46. fxe6 fxe6 47. Kh3 Qh6+ 48. Kg2 Qe3 49. Qxe3 (49. Qc2 $1 $15) 49... Bxe3 $15 {[%mdl 4096] Endgame KB-KB} 50. e5 (50. h3 {was called for.}) 50... fxe5 $19 51. Kf3 Bg1 52. h3 Kd6 53. Ke4 (53. g4 $142) 53... Bf2 54. g4 Bg3 55. Kf3 Bh4 56. Ke4 Bg5 57. Bb3 Bf6 58. Ba2 Ke7 59. Bb3 h6 60. Ba2 Kf7 61. Bb1 (61. Kf3 {keeps fighting.}) 61... Kg6 $1 {[%cal Rg6g5]} 62. Ba2 $2 (62. h4 Bxh4 63. Kxe5+ Kf7 64. Kd4) 62... Kg5 $1 {[%cal Rg5h4]} 63. Bxe6 Bg7 64. Ke3 Kh4 65. Kf3 Bf6 ({Less strong is} 65... Kxh3 66. g5+ Kh4 67. gxh6 $17) 66. Kf2 Bg5 67. Kf3 Bf4 ({Not} 67... Kxh3 68. Ke4 $17) 68. Ke4 Kg3 69. Kd3 Bc1 70. Ke4 {[#]} Bb2 $1 {[%cal Rb2d4]} 71. Ke3 Ba1 ({Inferior is} 71... Kxh3 72. g5+ Kg3 73. gxh6 $11) 72. Ke4 Bd4 73. Kd3 $2 (73. Bd5) 73... Kf3 74. h4 {[#]} e4+ $1 {[%cal Be5e4,Be4e3,Be3e2][%mdl 32]} 75. Kxd4 e3 76. Kc3 e2 77. Kd4 {Precision: White = 27%, Black = 82%.} 0-1

[Event "Budapest Spring Festival 2019"]
[Site "Budapest"]
[Date "2019.04.15"]
[Round "7.30"]
[White "Ravi, Teja S."]
[Black "Mosesov, Danylo"]
[Result "1-0"]
[WhiteElo "2383"]
[BlackElo "2315"]
[Annotator "TA"]
[PlyCount "93"]
[EventDate "2019.04.09"]
[EventType "swiss"]
[EventCountry "HUN"]
[SourceTitle "playchess.com"]
[Source "ChessBase"]
[SourceQuality "1"]

{[%evp 9,93,25,35,20,27,21,50,41,75,63,79,80,83,81,93,88,115,92,106,106,165,164,160,156,153,79,166,101,154,153,175,145,165,172,200,222,211,201,306,278,270,258,392,370,394,392,383,351,387,395,431,395,378,393,385,379,491,485,529,521,558,570,802,781,816,816,790,696,803,704,650,594,607,595,604,592,596,558,618,598,636,626,833,820,837,830]} 1. d4 Nf6 2. Nf3 b6 3. e3 Bb7 4. Bd3 g6 5. O-O Bg7 6. c4 {A47: 1 d4 Nf6 2 Nf3 b6: Torre, London and Colle Systems} O-O 7. Nc3 d6 8. e4 {White is slightly better.} Nfd7 (8... Nbd7 9. h3 e5 10. Be3 exd4 11. Bxd4 Re8 12. Re1 Nc5 13. Bc2 a5 14. Qd2 Nfxe4 15. Bxe4 Bxe4 16. Bxg7 Kxg7 17. Nxe4 Rxe4 18. Rxe4 Nxe4 {0-1 (51) Halkias,S (2585)-Bortnyk,O (2581) Tallinn 2016}) 9. Be3 e5 $146 ({Predecessor:} 9... c5 10. Bc2 cxd4 11. Nxd4 Nc6 12. f3 Qc7 13. b3 Nxd4 14. Bxd4 {½-½ (42) Trinh,T-Dinh Thi Quynh,M Hue 1999}) 10. d5 Nc5 11. Bc2 a5 12. a3 {[%cal Ba2a3,Ba3b4][%mdl 32]} Nba6 13. Qb1 Qe7 14. b4 axb4 (14... Nd7 $16 {was worth a try.}) 15. axb4 $18 Nd7 16. Ra4 Nf6 17. Ne2 (17. Qb2 $142) 17... Nh5 (17... Nb8 $16) 18. Bd3 (18. Qb3 $18) 18... Kh8 (18... Nb8 $142 19. Rxa8 Bxa8) 19. Qc2 $16 Qd7 20. Bd2 f5 21. Ng5 fxe4 22. Bxe4 ({Don't play} 22. Nxe4 Nf4 $16) 22... Nf6 23. Bf3 Qf5 (23... Bh6 {is a better defense.} 24. Nc3 Qf5 25. Qxf5 gxf5 26. Nf7+ Rxf7 27. Bxh6 Re7) 24. Qxf5 $18 gxf5 25. Ng3 Bh6 (25... e4 {might work better.}) 26. Nxf5 Bxg5 27. Bxg5 Ng8 28. g4 Bc8 29. Bd2 h5 30. h3 hxg4 31. hxg4 Bxf5 32. gxf5 Rxf5 33. Bg4 {White is clearly winning.} Rf7 34. Kg2 c5 35. dxc6 Ne7 36. Rfa1 Rg8 37. Rh1+ ({Not} 37. Rxa6 Rxg4+ 38. Kf1 Nxc6 $16) 37... Rh7 38. Rxh7+ Kxh7 39. f3 Nb8 40. b5 Nbxc6 41. bxc6 Nxc6 42. Kf2 Rb8 43. Bd7 Nd4 44. Be3 Nb3 45. Bc6 Na5 46. Bd5 Kg6 47. Rb4 {Accuracy: White = 84%, Black = 36%.} 1-0

[Event "Budapest Spring Festival 2019"]
[Site "Budapest"]
[Date "2019.04.15"]
[Round "7.31"]
[White "Gschnitzer, Adrian"]
[Black "Zentai, Peter"]
[Result "1/2-1/2"]
[WhiteElo "2380"]
[BlackElo "2263"]
[Annotator "TA"]
[PlyCount "69"]
[EventDate "2019.04.09"]
[EventType "swiss"]
[EventCountry "HUN"]
[SourceTitle "playchess.com"]
[Source "ChessBase"]
[SourceQuality "1"]

{[%evp 24,69,7,-3,54,60,59,60,66,46,51,43,44,25,24,36,14,0,14,0,10,0,0,4,11,0,0,0,0,0,15,7,14,16,24,8,19,-11,-12,-8,-8,-8,-8,-8,-8,-8,-8,-8]} 1. c4 c6 2. e4 d5 3. exd5 cxd5 4. cxd5 Nf6 5. Nc3 Nxd5 6. Nf3 Nc6 7. d4 e6 8. Bc4 Nf6 9. O-O Be7 10. a3 O-O 11. Re1 b6 12. Qd3 Bb7 13. Bf4 Nd5 {E57: Nimzo-Indian: Rubinstein: Main Line: 7...Nc6 8 a3 dxc4 9 Bxc4 cxd4} ({Black should try} 13... Na5 $11) (13... Rc8 14. Rad1 Na5 15. Ba2 Nd5 16. Bb1 f5 17. Ne2 Nc4 18. Bc1 b5 19. Ng3 Rf6 20. Ng5 Qd7 21. Qe2 {1-0 (43) Rotstein,A (2544)-Trabert,B (2319) Letojanni 2002}) 14. Nxd5 $14 exd5 15. Ba2 $146 ({Predecessor:} 15. Bb3 Bf6 16. Rac1 Rc8 17. Ne5 g6 18. Nxc6 Rxc6 19. Ba4 Rc8 20. Bh6 Bg7 21. Bxg7 Kxg7 {½-½ (44) Jaros,M (2198)-Volak,M (2147) Klatovy 2007}) 15... Bf6 {White is slightly better.} 16. Rac1 Rc8 17. h3 g6 18. Bh6 Bg7 19. Bxg7 Kxg7 20. b4 Qf6 21. b5 Ne7 22. Ne5 Rxc1 23. Rxc1 {Threatening Rc7.} Rc8 24. Qd2 Rxc1+ 25. Qxc1 Nf5 26. Qd2 Nd6 27. a4 Ne4 28. Qe3 h5 29. f3 Nd6 {The position is equal.} 30. Nc6 a6 31. Bxd5 axb5 32. axb5 Nxb5 33. Ne7 Bxd5 34. Nxd5 Qxd4 35. Qxd4+ {Accuracy: White = 26%, Black = 64%.} 1/2-1/2

[Event "Budapest Spring Festival 2019"]
[Site "Budapest"]
[Date "2019.04.15"]
[Round "7.32"]
[White "Vetoshko, Volodymyr"]
[Black "Wong, Jianwen"]
[Result "1-0"]
[WhiteElo "2510"]
[BlackElo "2185"]
[Annotator "ChessBase"]
[PlyCount "61"]
[EventDate "2019.04.09"]
[EventType "swiss"]
[EventCountry "HUN"]
[SourceTitle "playchess.com"]
[Source "ChessBase"]
[SourceQuality "1"]
[TimeControl "40/5400+30:1800+30"]

1. e4 {[%emt 0:01:25]} c5 {[%emt 0:00:06]} 2. Nf3 {[%emt 0:00:14]} Nc6 {[%emt 0:00:05]} 3. d4 {[%emt 0:00:17]} cxd4 {[%emt 0:00:05]} 4. Nxd4 {[%emt 0:00:04]} Nf6 {[%emt 0:00:05]} 5. Nc3 {[%emt 0:00:04]} e5 {[%emt 0:00:04]} 6. Ndb5 {[%emt 0:00:05]} d6 {[%emt 0:00:05]} 7. Bg5 {[%emt 0:00:05]} a6 {[%emt 0:00:05]} 8. Na3 {[%emt 0:00:04]} b5 {[%emt 0:00:04]} 9. Nd5 {[%emt 0:00:05]} Be7 {[%emt 0:00:04]} 10. Bxf6 {[%emt 0:00:06]} Bxf6 {[%emt 0:00:05]} 11. c3 {[%emt 0:00:06]} Ne7 {[%emt 0:00:05]} 12. Nxf6+ {[%emt 0:02:49]} gxf6 {[%emt 0:00:06]} 13. Bd3 {[%emt 0:01:02]} Bb7 {[%emt 0:00:52]} 14. Nc2 {[%emt 0:01:06]} d5 {[%emt 0:00:20]} 15. Qe2 {[%emt 0:00:46]} Qb6 {[%emt 0:03:43]} 16. O-O-O {[%emt 0:06:37]} O-O-O {[%emt 0:01:03]} 17. f3 {[%emt 0:00:55]} Kb8 {[%emt 0:05:04]} 18. Kb1 {[%emt 0:00:11]} h5 {[%emt 0:16:34]} 19. Rhf1 {[%emt 0:12:45]} Ng6 {[%emt 0:08:47]} 20. g3 {[%emt 0:01:20]} h4 {[%emt 0:01:21]} 21. exd5 {[%emt 0:12:30]} Bxd5 {[%emt 0:06:14]} 22. c4 {[%emt 0:03:08]} bxc4 {[%emt 0:21:15]} 23. Bxc4 {[%emt 0:00:16]} Bxc4 {[%emt 0:02:53]} 24. Qxc4 {[%emt 0:01:22]} hxg3 {[%emt 0:02:19]} 25. hxg3 {[%emt 0:00:16]} Qe6 {[%emt 0:03:51]} 26. Qa4 {[%emt 0:08:24]} Ka7 {[%emt 0:03:47]} 27. Nb4 {[%emt 0:06:15]} Ne7 {[%emt 0:01:19]} 28. a3 {[%emt 0:13:01]} Qb6 {[%emt 0:10:40]} 29. Rd7+ {[%emt 0:02:06]} Rxd7 {[%emt 0:00:18]} 30. Qxd7+ {[%emt 0:00:02]} Qb7 {[%emt 0:00:07]} 31. Qxe7 1-0